000 00615nam a2200241Ia 4500
003 OSt
005 20221007072229.0
006 a|||||r|||| 00| 0
007 ta
008 221006b |||||||| |||| 00| 0 eng d
024 _a25,232
037 _cTextual
040 _aFLL
_cFLL
_beng
041 _2eng
_aeng
082 _aZ3:5, L5
100 _aLewis David
245 0 _aJust how just?
260 _aLondon
_bSecker & Warburg UK
_c1975
300 _a189p
_ccm.
700 _a Hughman Peter
_9690313
942 _hZ3:5, L5
_cTEXL
_2CC
999 _c1145487
_d1145487